| 000 | 00581nam a2200205Ia 4500 | ||
|---|---|---|---|
| 005 | 20250508162200.0 | ||
| 008 | 008 250505s9999 xx 000 0 eng d | ||
| 020 | _a0-04-371049-2 | ||
| 037 | _aTextual | ||
| 040 |
_aFEDL _beng _cFEDL |
||
| 041 |
_aeng _2eng |
||
| 084 |
_a370.193 1, MID _qFEDL |
||
| 100 | _aMidwinter Eric | ||
| 245 | 0 | _aEducation for sale | |
| 245 | 0 | _cClassroom close - Ups: 5. Gerald Haigh | |
| 260 |
_aLondon, UK _bGeorge Allen and Unwin Ltd. _c1977 |
||
| 300 | _a94p | ||
| 942 |
_cTEXL _h370.193 1, MID |
||
| 999 |
_c1374871 _d1374871 |
||